000 01015nam a2200241Ia 4500
999 _c49411
_d49411
001 16331
003 GE_BSU
005 20221227150526.0
008 181216s2005||||ge |||||||||||||| ||geo||
020 _a9994040863
040 _cGE_BSU
041 _ageo
080 _a346(100)(075.8)+ 347.7(100) + 339.92 ჯ-67
100 _aჯოლია, გურამ
_916600
245 _aსაერთაშორისო ეკონომიკური სამართალი:
_b პოლიტიკა, თეორია, პრაქტიკა /
_c გურამ ჯოლია, ნინო ჯოლია.
264 _aთბილისი :
_bტექნ. უნ-ტი,
_c2005.
300 _a463 გვ.;
_b20 სმ.
541 _h14ლ.
653 _aსაერთაშორისო ეკონომიკური სამართალი;
653 _aსამართალი
700 _aჯოლია, ნინო
_eავტორი
_916601
942 _cBK
_2udc